Quantum chemistry and spectroscopy / (Record no. 20729)

MARC details
000 -LEADER
fixed length control field 00531nam a22002057a 4500
003 - CONTROL NUMBER IDENTIFIER
control field OSt
005 - DATE AND TIME OF LATEST TRANSACTION
control field 20250613084824.0
008 - FIXED-LENGTH DATA ELEMENTS--GENERAL INFORMATION
fixed length control field 250613b |||||||| |||| 00| 0 eng d
020 ## - INTERNATIONAL STANDARD BOOK NUMBER
International Standard Book Number 9781292039510
040 ## - CATALOGING SOURCE
Original cataloging agency KABU
Transcribing agency KABU
050 ## - LIBRARY OF CONGRESS CALL NUMBER
Classification number QD462
Item number .E54 2014
100 ## - MAIN ENTRY--PERSONAL NAME
Personal name Engel, Thomas
245 ## - TITLE STATEMENT
Title Quantum chemistry and spectroscopy /
Statement of responsibility, etc. Thomas Engel
250 ## - EDITION STATEMENT
Edition statement 3rd ed.
260 ## - PUBLICATION, DISTRIBUTION, ETC. (IMPRINT)
Place of publication, distribution, etc. Edinburg Gate, England:
Name of publisher, distributor, etc. Pearson,
Date of publication, distribution, etc. 2014
300 ## - PHYSICAL DESCRIPTION
Extent 450p.
500 ## - GENERAL NOTE
General note Includes index
650 ## - SUBJECT ADDED ENTRY--TOPICAL TERM
Topical term or geographic name as entry element Quantum Chemistry
942 ## - ADDED ENTRY ELEMENTS (KOHA)
Source of classification or shelving scheme Library of Congress Classification
Koha item type General Collection
Holdings
Withdrawn status Lost status Source of classification or shelving scheme Not for loan Home library Current library Shelving location Date acquired Cost, normal purchase price Inventory number Total Checkouts Full call number Barcode Date last seen Copy number Price effective from Koha item type
    Library of Congress Classification   Kabarak, Main Campus Kabarak, Main Campus General Stacks 13/06/2025 9230.00 2025/2084   QD462 .E54 2014 C.3 33185 13/06/2025 C.3 13/06/2025 General Collection
    Library of Congress Classification   Kabarak, Main Campus Kabarak, Main Campus General Stacks 13/06/2025 9230.00 2025/2086   QD462 .E54 2014 C.2 33187 13/06/2025 C.2 13/06/2025 General Collection
    Library of Congress Classification   Kabarak, Main Campus Kabarak, Main Campus General Stacks 13/06/2025 9230.00 2025/2085   QD462 .E54 2014 C.1 33186 13/06/2025 C.1 13/06/2025 General Collection
Designed with assistance from East African Informatics Ltd